000 00318nam a22001337a 4500
082 _a894.812.3
100 _aKALLURUTTY SATHYAN
245 _aSCHOOL KATHAKAL
_bBALASAHITHYAM
250 _a1
260 _aTIRURANGADI
_bASHRAFI BOOK CENTRE
_c2004
300 _a94
650 _aMALAYALAM SHORT STORY
_zKERALA
942 _cBK
999 _c1292
_d1292